000 00633nam a2200229Ii 4500
003 JO-AjNU
008 230605s9999||||xx |||||||||||||| ||und||
017 _a87/4893
020 _a977-1431-10-2
040 _aJO-AjNU
_bara
_erda
_cJO-AjNU
041 _aara
050 1 4 _aBP161.2.Y34 1987
100 3 _aيالجن،مقداد,
_eauthor
_916950
245 0 0 _aالطريق الى العبقرية
250 _aط1
264 3 1 _aد.م: المؤلف، 1987
300 _a153ص
336 _atext
_btxt
_2rdacontent
337 _aunmediated
_bn
_2rdamedia
338 _avolume
_bnc
_2rdacarrier
650 4 _aالعبقرية
_916951
999 _aA5135
_c8703
_d8703